LEADER 01867nas# 2200349 i 450 001 SUN0000808 005 20160323024515.930 010 $d0.00 011 $a1020-220X 100 $a20020613b19951998 |0frec50 ba 101 $afre 102 $aCH 105 $a|||| ||||| 110 $aaM||||||||| 200 1 $aLa *propriété industrielle et le droit d'auteur$erevue mensuelle de l'Organisation mondiale de la propriété intellectuelle (OMPI) 205 $aA. 1, n. 1 (Jan. 1995)-a. 4, n. 5 (mai 1998) 207 $aGeneve : OMPI, 1995-1998 210 $a4 volumi$a30 cm 215 $aMensile 440 1$1001SUN0088886$12001 $a*Lois et traités de propriété intellectuelle$epublication mensuelle de l'Organisation mondiale de la propriété intellectuelle (OMPI)$1205 $aA. 1, n. 1 (juin 1998)- dec. 2001$1207 $aGeneve : OMPI, 1998-2001$1210 $a4 volumi$a30 cm$1215 $aMensile. 606 $aDiritti d'autore$xLegislazione$xPeriodici$2FI$3SUNC032065 606 $aProprietà industriale$xPeriodici$2FI$3SUNC032077 620 $dGinevra$3SUNL001017 676 $a346.048205$cDiritti d'autore. Pubblicazioni in serie$v20 712 02$aOrganisation mondiale de la propriété intellectuelle$cGinevra$3SUNV000362 712 $aOrganisation mondiale de la propriete industrielle$3SUNV002684$4650 801 $aIT$bSOL$c20190805$gRICA 899 $aUFFICIO DI BIBLIOTECA DEL DIPARTIMENTO DI GIURISPRUDENZA$2SUN00$4lac. 1995; 1998.$cSALA GIALLA sc. 4 ; 912 $aSUN0000808 950 $aUFFICIO DI BIBLIOTECA DEL DIPARTIMENTO DI GIURISPRUDENZA$b00lac. 1995; 1998.$d00RIV SALA GIALLA sc.4 1995 $e00RIV305500 20140507 $d00RIV SALA GIALLA sc.4 1998 $e00RIV305600 20140507 996 $aPropriete industrielle et le droit d'auteur$9791055 997 $aUNICAMPANIA